[Event "6th Uppsala Young Champions 2019"]
[Site "Uppsala"]
[Date "2019.10.28"]
[Round "6.8"]
[White "Muntean, Victor"]
[Black "Rasti, Arvin"]
[Result "1/2-1/2"]
[WhiteElo "2020"]
[BlackElo "2179"]
[Annotator "TA"]
[PlyCount "95"]
[EventDate "2019.10.25"]
[EventType "swiss"]
[EventCountry "SWE"]
[SourceTitle "playchess.com"]
[Source "ChessBase"]
[SourceQuality "1"]

{[%evp 13,95,-20,11,-21,27,20,51,32,71,44,72,9,12,0,14,-43,-47,-63,-66,-66,-60,-59,-49,-119,-89,-113,-110,-102,-119,-235,-234,-248,-236,-239,-216,-200,-202,-235,-228,-233,-220,-233,-199,-190,0,-237,-182,-163,-197,-286,-286,-273,-156,-674,-658,-626,-466,-1162,-1148,-922,-546,-806,-666,-834,-648,-814,-686,-758,0,0,0,0,0,0,0,0,0,0,0,0,0,0,0,0]} 1. e4 c5 2. c3 Nf6 3. e5 Nd5 4. Nf3 Nc6 5. d4 cxd4 6. cxd4 d6 7. Nc3 e6 8. Bd3 {B22: Sicilian: 2 c3} (8. exd6 Qxd6 9. Bd3 Be7 10. O-O O-O 11. Ne4 Qd8 12. a3 b6 13. Be3 Bb7 14. Rc1 Rc8 15. Qe2 Nb8 16. Rxc8 Qxc8 17. Rc1 Qd8 18. Ne5 Nxe3 19. fxe3 Nd7 20. Nc6 Bxc6 21. Rxc6 Nf6 22. Nxf6+ Bxf6 23. Be4 Bg5 24. g3 Qd7 25. Kf2 f5 26. Bf3 Rc8 27. Qc4 {½-½ (27) Sevillano,E (2526)-Arnold,M (2540) Los Angeles 2012}) 8... Be7 9. O-O O-O 10. Re1 {White is slightly better.} Nxc3 11. bxc3 dxe5 12. Nxe5 (12. dxe5 $16 Qa5 13. Qc2) 12... Nxe5 $11 13. dxe5 Bd7 $146 ({Predecessor:} 13... b6 14. Qf3 Rb8 15. Qh3 g6 16. Bh6 Re8 17. Bb5 Bd7 18. Rad1 Rb7 19. Rd3 a6 20. Bxa6 {1-0 (30) Kulyishov,S (1949)-Kashebayev,A (2150) Karaganda 2009}) 14. Re3 ({White should try} 14. Qg4 $11) 14... g6 $15 15. Rh3 {Black should prevent Qd2.} Bc6 16. Qg4 Qd5 17. Bh6 Rfd8 18. Re1 (18. Re3 $1 $15) 18... Rac8 19. Rg3 Bb5 20. Bxb5 Qxb5 21. Bg5 (21. h3 $17 {was necessary.}) 21... Rc4 $19 22. Qe2 Bxg5 23. Rxg5 Rd5 24. Rg3 Qc5 25. Rd3 Rxc3 26. Rxd5 Qxd5 {[%mdl 4096] Endgame KQR-KQR} ({Not} 26... exd5 27. e6 $15) 27. Rd1 Qc4 28. Qd2 {[#]} Qd5 $1 $40 {[%mdl 640] Hoping for ...Qxd2. White needs to defend precisely.} 29. Qe2 $1 (29. Qxd5 exd5) 29... Qa5 30. h4 Rc5 31. Re1 {[#]} (31. f4 $142) 31... Rc2 $1 {[%mdl 512]} 32. Qe3 (32. Qxc2 Qxe1+) 32... Qd2 ({Don't play} 32... Qxa2 33. h5 $17) (32... Rxa2 $19 33. h5 Ra3) 33. Qe4 $2 (33. a3 $17) 33... Qxf2+ 34. Kh2 h5 35. Re3 (35. Rf1 $142 Qe2 36. Qxe2 Rxe2 37. Rb1) 35... Rxa2 36. Rg3 Qf5 37. Qd4 Re2 38. Rg5 Qf2 39. Qd8+ Kg7 40. Rg3 Re1 $2 (40... a5 $19 41. Qf6+ Qxf6 42. exf6+ Kxf6) 41. Rf3 $11 {The position is equal.} Qg1+ (41... Qc5 $5 42. Qf6+ $8 {[%mdl 64] Double Attack} Kh7 $11) 42. Kg3 {Qf6+ would kill now.} Qc5 (42... Re3 $5 43. Qf6+ $8 {[%mdl 64] Double Attack} Kh7 44. Qxf7+ {[%mdl 64] Double Attack} Kh8 $11) 43. Qf6+ {[%mdl 64] Double Attack} Kh7 44. Qxf7+ {[%mdl 64] Double Attack} Kh6 45. Qf4+ Kh7 46. Qf7+ {[%mdl 64] Double Attack} Kh6 47. Qf4+ Kh7 48. Qf7+ {[%mdl 64] Double Attack. Accuracy: White = 27%, Black = 57%.} 1/2-1/2

[Event "6th Uppsala Young Champions 2019"]
[Site "Uppsala"]
[Date "2019.10.28"]
[Round "6.9"]
[White "Fjallheim, Leif Reinert"]
[Black "Nguyen, Gabriel"]
[Result "1-0"]
[WhiteElo "1985"]
[BlackElo "2071"]
[Annotator "NA RC"]
[PlyCount "105"]
[EventDate "2019.10.25"]
[EventType "swiss"]
[EventCountry "SWE"]
[SourceTitle "playchess.com"]
[Source "ChessBase"]
[SourceQuality "1"]
[TimeControl "5400+30"]

1. d4 {[%emt 0:00:00]} d5 {[%emt 0:00:00]} 2. Bf4 {[%emt 0:00:52]} Nf6 {[%emt 0:00:00]} 3. Nc3 {[%emt 0:01:06]} Bf5 {[%emt 0:05:22]} 4. e3 {[%emt 0:00:21]} c6 {[%emt 0:01:28]} 5. Nf3 {[%emt 0:02:49]} e6 {[%emt 0:00:50]} 6. Bd3 {[%emt 0:02:37]} Bxd3 {[%emt 0:01:39]} 7. cxd3 {[%emt 0:00:36]} h6 {[%emt 0:00:48]} 8. h3 {[%emt 0:01:18]} Be7 {[%emt 0:02:20]} 9. Qb3 {[%emt 0:01:15]} Qb6 {[%emt 0:01:50]} 10. O-O {[%emt 0:03:40]} Qxb3 {[%emt 0:04:17]} 11. axb3 {[%emt 0:00:05]} O-O {[%emt 0:00:13]} 12. Na4 {[%emt 0:02:10]} Nfd7 {[%emt 1:17:13]} 13. Rfc1 {[%emt 0:06:16]} Na6 {[%emt 0:00:00]} 14. Ne5 {[%emt 0:01:08]} Nxe5 {[%emt 0:00:00]} 15. Bxe5 {[%emt 0:00:13]} f6 {[%emt 0:00:00]} 16. Bg3 {[%emt 0:00:24]} g5 {[%emt 0:00:00]} 17. Nc5 {[%emt 0:02:21]} Bxc5 {[%emt 0:00:00]} 18. dxc5 {[%emt 0:00:34]} e5 {[%emt 0:00:00]} 19. Ra4 {[%emt 0:01:41]} Rfe8 {[%emt 0:00:00]} 20. Kf1 {[%emt 0:04:35]} f5 {[%emt 0:00:00]} 21. f3 {[%emt 0:02:04]} Kg7 {[%emt 0:00:00]} 22. d4 {[%emt 0:07:49]} f4 {[%emt 0:00:00]} 23. Bf2 {[%emt 0:05:21]} e4 {[%emt 0:00:00]} 24. Re1 {[%emt 0:02:18]} exf3 {[%emt 0:00:00]} 25. gxf3 {[%emt 0:00:11]} fxe3 {[%emt 0:00:00]} 26. Rxe3 {[%emt 0:10:37]} Rxe3 {[%emt 0:00:00]} 27. Bxe3 {[%emt 0:00:05]} Kg6 {[%emt 0:00:00]} 28. Bf2 {[%emt 0:01:11]} Re8 {[%emt 0:00:00]} 29. Bg1 {[%emt 0:05:22]} Kh5 {[%emt 0:00:00]} 30. Kf2 {[%emt 0:01:04]} Kh4 {[%emt 0:00:00]} 31. Bh2 {[%emt 0:00:41]} Kh5 {[%emt 0:00:00]} 32. Bg3 {[%emt 0:02:35]} Kg6 {[%emt 0:00:00]} 33. Bd6 {[%emt 0:02:36]} h5 {[%emt 0:00:00]} 34. Bh2 {[%emt 0:11:38]} Kf5 {[%emt 0:00:00]} 35. Ra1 {[%emt 0:03:49]} Re7 {[%emt 0:00:00]} 36. Bd6 {[%emt 0:00:37]} Re6 {[%emt 0:00:00]} 37. Bh2 {[%emt 0:03:04]} Re7 {[%emt 0:00:00]} 38. Bd6 {[%emt 0:01:10]} Re8 {[%emt 0:00:00]} 39. Bh2 {[%emt 0:01:15]} Nb4 {[%emt 0:06:44]} 40. Rd1 {[%emt 0:01:28]} Re6 {[%emt 0:02:24]} 41. Bb8 {[%emt 0:01:29]} a6 {[%emt 0:00:17]} 42. Bc7 {[%emt 0:01:34]} Nc2 {[%emt 0:00:45]} 43. Rd2 {[%emt 0:00:52]} Ne3 {[%emt 0:01:39]} 44. Be5 {[%emt 0:00:56]} Rxe5 {[%emt 0:01:43]} 45. dxe5 {[%emt 0:00:06]} d4 {[%emt 0:00:21]} 46. Rxd4 {[%emt 0:00:50]} Nd5 {[%emt 0:00:01]} 47. Re4 {[%emt 0:01:34]} Nf4 {[%emt 0:00:50]} 48. Ke3 {[%emt 0:01:06]} a5 {[%emt 0:00:37]} 49. Rxf4+ {[%emt 0:03:05]} gxf4+ {[%emt 0:00:06]} 50. Kd4 {[%emt 0:00:04]} h4 {[%emt 0:00:26]} 51. e6 {[%emt 0:00:08]} Kxe6 {[%emt 0:00:11]} 52. Ke4 {[%emt 0:00:05]} a4 {[%emt 0:02:56]} 53. bxa4 {[%emt 0:05:45] Kd5+} 1-0

[Event "6th Uppsala Young Champions 2019"]
[Site "Uppsala"]
[Date "2019.10.28"]
[Round "6.10"]
[White "Trost, Edvin"]
[Black "Vitenberg, Noam Aviv"]
[Result "0-1"]
[WhiteElo "1982"]
[BlackElo "2223"]
[Annotator "TA"]
[PlyCount "72"]
[EventDate "2019.10.25"]
[EventType "swiss"]
[EventCountry "SWE"]
[SourceTitle "playchess.com"]
[Source "ChessBase"]
[SourceQuality "1"]

{[%evp 13,72,-82,-80,-69,-46,-45,-51,-53,-51,-77,-65,-93,-92,-83,-43,-41,-14,-75,-59,-64,-67,-147,-33,-78,-8,-57,-65,-88,-72,-166,-82,-200,-191,-382,-373,-486,-405,-678,-644,-651,-517,-724,-751,-725,-734,-1266,-1251,-2038,-1980,-29988,-29989,-29989,-29990,-29990,-29991,-29992,-29993,-29994,-29994,-29998,-29999]} 1. c4 e6 2. Nf3 d5 3. e3 Nf6 4. b3 c5 5. Bb2 Nc6 6. Be2 d4 7. exd4 cxd4 {White must now prevent ...d3.} 8. d3 {A13: English Opening: 1...e6} Bd6 9. O-O e5 10. Re1 {Black is slightly better.} (10. a3 a5 11. Nbd2 O-O 12. Re1 Re8 13. Qc2 {0-1 (41) Oganian,M (2423)-Nihal,S (2576) St Petersburg 2018}) 10... O-O 11. Bf1 Bf5 12. a3 $146 ({Predecessor:} 12. Nbd2 Re8 13. Ne4 Nxe4 14. dxe4 {0-1 (39) Elkahky,K-Mona,K (2009) Egypt 2007}) 12... a5 13. Nbd2 Re8 14. Ng5 Nd7 15. Nge4 (15. Nde4 $11 Be7 16. g4) 15... Be7 $17 16. Qf3 Bg6 $36 {[%mdl 2048] Black has good play.} 17. Rab1 (17. g4 $15) 17... Bf8 (17... f5 $17 18. Ng3 Bg5) 18. Bc1 Kh8 ({Better is} 18... f5 $17 19. Ng3 Qf6) 19. Ng3 Qf6 20. Qd5 Qe6 21. Qb5 (21. Qxe6 $17 Rxe6 22. h4) 21... Ra6 (21... b6 $19 {has better winning chances.} 22. Bb2 Na7) 22. Nf3 (22. f4 $17) 22... Nc5 23. Nxe5 $2 (23. Ng5 Qc8 24. b4 axb4 25. axb4) 23... Nxe5 $19 24. Bf4 f6 25. b4 (25. Bxe5 $142 fxe5 26. f4) 25... axb4 26. axb4 Rb6 27. Qa5 Ncxd3 28. Bxd3 Bxd3 29. Rbd1 Bxb4 30. Qa4 Bxe1 31. Rxe1 {[#]} Nf3+ $1 {[%mdl 64] Discovered Attack. Black mates.} 32. gxf3 Qxe1+ 33. Kg2 {[#]} Rb2 $1 34. Be3 Qxe3 35. Kh3 Rxf2 36. f4 Bf5+ {Accuracy: White = 18%, Black = 49%.} 0-1

[Event "6th Uppsala Young Champions 2019"]
[Site "Uppsala"]
[Date "2019.10.28"]
[Round "6.11"]
[White "Falkevall, Axel"]
[Black "Berglind, Axel"]
[Result "0-1"]
[WhiteElo "2036"]
[BlackElo "2062"]
[Annotator "NA RC"]
[PlyCount "60"]
[EventDate "2019.10.25"]
[EventType "swiss"]
[EventCountry "SWE"]
[SourceTitle "playchess.com"]
[Source "ChessBase"]
[SourceQuality "1"]
[TimeControl "5400+30"]

1. e4 {[%emt 1:30:30]} c5 {[%emt 1:30:30]} 2. c3 {[%emt 0:00:30]} Nf6 {[%emt 0:00:30]} 3. e5 {[%emt 0:00:30]} Nd5 {[%emt 0:00:30]} 4. d4 {[%emt 0:00:30]} cxd4 {[%emt 0:00:30]} 5. Nf3 {[%emt 0:00:30]} Nc6 {[%emt 0:00:30]} 6. cxd4 {[%emt 0:00:30]} d6 {[%emt 0:00:30]} 7. Bc4 {[%emt 0:00:30]} Nb6 {[%emt 0:00:30]} 8. Bb3 {[%emt 0:00:30]} Bg4 {[%emt 0:00:30]} 9. Bxf7+ {[%emt 0:00:30]} Kd7 {[%emt 0:00:30]} 10. Bb3 {[%emt 0:00:30]} Kc7 {[%emt 0:00:30]} 11. exd6+ {[%emt 0:00:30]} exd6 {[%emt 0:00:30]} 12. Be3 {[%emt 0:00:30]} Rc8 {[%emt 0:00:30]} 13. Nbd2 {[%emt 0:00:30]} d5 {[%emt 0:00:30]} 14. h3 {[%emt 0:00:30]} Bh5 {[%emt 0:00:30]} 15. O-O {[%emt 0:00:30]} Bd6 {[%emt 0:00:30]} 16. Bc2 {[%emt 0:00:30]} Kb8 {[%emt 0:00:30]} 17. a3 {[%emt 0:00:30]} Rf8 {[%emt 0:00:30]} 18. Qb1 {[%emt 0:00:30]} Bxf3 {[%emt 0:00:30]} 19. Nxf3 {[%emt 0:00:30]} Qd7 {[%emt 0:00:30]} 20. Qd1 {[%emt 0:00:30]} Nc4 {[%emt 0:00:30]} 21. Rb1 {[%emt 0:00:30]} Bc7 {[%emt 0:00:30]} 22. Re1 {[%emt 0:00:30]} Qd6 {[%emt 0:00:30]} 23. g3 {[%emt 0:00:30]} Qf6 {[%emt 0:00:30]} 24. Kg2 {[%emt 0:00:30]} Nxe3+ {[%emt 0:00:30]} 25. Rxe3 {[%emt 0:00:30]} Bb6 {[%emt 0:00:30]} 26. Rd3 {[%emt 0:00:30]} Nxd4 {[%emt 0:00:30]} 27. Nxd4 {[%emt 0:00:30]} Qxf2+ {[%emt 0:00:30]} 28. Kh1 {[%emt 0:00:30]} Bxd4 {[%emt 0:00:30]} 29. Rd2 {[%emt 0:00:30]} Qxg3 {[%emt 0:00:30]} 30. Rxd4 {[%emt 0:00:30]} Rf2 {[%emt 0:00:30]} 0-1

[Event "6th Uppsala Young Champions 2019"]
[Site "Uppsala"]
[Date "2019.10.28"]
[Round "6.12"]
[White "Palozza, Christian"]
[Black "Dingertz, Erik"]
[Result "1-0"]
[WhiteElo "2187"]
[BlackElo "1908"]
[Annotator "TA"]
[PlyCount "57"]
[EventDate "2019.10.25"]
[EventType "swiss"]
[EventCountry "SWE"]
[SourceTitle "playchess.com"]
[Source "ChessBase"]
[SourceQuality "1"]

{[%evp 17,57,52,53,46,50,44,45,49,56,53,53,54,54,61,54,54,64,52,65,48,49,50,42,31,36,30,41,-1,0,0,0,-10,-16,-10,-25,-22,-17,-19,-11,-119,526,510]} 1. d4 Nf6 2. c4 e6 3. Nf3 d5 4. g3 Be7 5. Bg2 O-O 6. O-O Nbd7 7. Qc2 b6 8. cxd5 Nxd5 9. a3 Bb7 10. e4 {E08: Closed Catalan: Main Line: 7 Qc2} N5f6 11. Nc3 c5 ({Predecessor:} 11... Rc8 12. Rd1 {1-0 (39) Malinin,S (1953)-Ochirova,A (1691) Voronezh 2018}) 12. Rd1 {White is slightly better.} Rc8 $146 (12... cxd4 13. Nxd4 Rc8 14. Qe2 {1-0 (39) Gordon,S (2528)-Gormally,D (2474) England 2018}) 13. d5 exd5 {Threatens to win with ...d4.} 14. e5 Ne8 $1 {[%cal Re8c7]} 15. Nxd5 Bxd5 16. Rxd5 Nc7 17. Rd1 Ne6 18. Qa4 Rc7 19. Bf1 Qc8 20. Ba6 Qa8 21. Rxd7 Qxf3 22. Be3 Rxd7 23. Qxd7 {[%mdl 64] Double Attack} Bg5 24. Qd1 Qe4 25. Qd3 Qxd3 ({Don't play} 25... Qxe5 26. f4 $14) 26. Bxd3 Bxe3 27. fxe3 Rd8 28. Rd1 {[#]} (28. Bc4 $11 {keeps the balance.}) 28... Rd5 $2 {[%mdl 8192] [#]} (28... c4 $1 $17 {[%mdl 512] and life is bright.} 29. Be2 (29. Bxc4 Rxd1+) 29... Rxd1+ 30. Bxd1 Nc5) 29. Bxh7+ $1 {[%mdl 576] Discovered Attack. Accuracy: White = 42%, Black = 62%.} 1-0

[Event "6th Uppsala Young Champions 2019"]
[Site "Uppsala"]
[Date "2019.10.28"]
[Round "6.13"]
[White "Wernberg, Hugo"]
[Black "Soderstrom, Adrian"]
[Result "1-0"]
[WhiteElo "2006"]
[BlackElo "1960"]
[Annotator "NA RC"]
[PlyCount "117"]
[EventDate "2019.10.25"]
[EventType "swiss"]
[EventCountry "SWE"]
[SourceTitle "playchess.com"]
[Source "ChessBase"]
[SourceQuality "1"]
[TimeControl "5400+30"]

1. e4 {[%emt 0:00:00]} e5 {[%emt 0:00:45]} 2. Nf3 {[%emt 0:00:00]} Nc6 {[%emt 0:00:02]} 3. Bc4 {[%emt 0:00:00]} Bc5 {[%emt 0:00:05]} 4. c3 {[%emt 0:00:18]} Nf6 {[%emt 0:00:04]} 5. d3 {[%emt 0:00:17]} d6 {[%emt 0:00:23]} 6. O-O {[%emt 0:00:25]} a6 {[%emt 0:00:04]} 7. a4 {[%emt 0:00:15]} h6 {[%emt 0:00:12]} 8. Be3 {[%emt 0:01:03]} Ba7 {[%emt 0:01:04]} 9. Bxa7 {[%emt 0:00:37]} Rxa7 {[%emt 0:00:02]} 10. Re1 {[%emt 0:01:08]} b5 {[%emt 0:02:59]} 11. axb5 {[%emt 0:05:09]} axb5 {[%emt 0:00:01]} 12. Rxa7 {[%emt 0:00:05]} Nxa7 {[%emt 0:00:04]} 13. Bb3 {[%emt 0:00:29]} O-O {[%emt 0:00:27]} 14. Nbd2 {[%emt 0:06:46]} c5 {[%emt 0:02:23]} 15. Nf1 {[%emt 0:01:53]} Nc6 {[%emt 0:01:47]} 16. Ng3 {[%emt 0:01:10]} Re8 {[%emt 0:05:41]} 17. h3 {[%emt 0:03:55]} Re7 {[%emt 0:12:45]} 18. Nh4 {[%emt 0:13:20]} Be6 {[%emt 0:00:38]} 19. Nhf5 {[%emt 0:02:42]} Rb7 {[%emt 0:06:00]} 20. Bc2 {[%emt 0:06:31]} Rd7 {[%emt 0:02:17]} 21. d4 {[%emt 0:05:58]} cxd4 {[%emt 0:00:33]} 22. cxd4 {[%emt 0:00:13]} d5 {[%emt 0:00:17]} 23. dxe5 {[%emt 0:01:00]} dxe4 {[%emt 0:01:46]} 24. Qb1 {[%emt 0:01:24]} Nxe5 {[%emt 0:00:35]} 25. Nxe4 {[%emt 0:01:33]} Bxf5 {[%emt 0:01:54]} 26. Nxf6+ {[%emt 0:00:14]} Qxf6 {[%emt 0:00:03]} 27. Bxf5 {[%emt 0:00:19]} Re7 {[%emt 0:00:29]} 28. Bc2 {[%emt 0:14:19]} g6 {[%emt 0:00:26]} 29. Re4 {[%emt 0:02:03]} Kg7 {[%emt 0:01:42]} 30. Qe1 {[%emt 0:01:53]} Nc6 {[%emt 0:08:44]} 31. Rxe7 {[%emt 0:01:00]} Nxe7 {[%emt 0:00:06]} 32. Qb4 {[%emt 0:02:36]} Qg5 {[%emt 0:02:15]} 33. Bd3 {[%emt 0:02:38]} Qc1+ {[%emt 0:06:39]} 34. Bf1 {[%emt 0:01:38]} Nd5 {[%emt 0:00:38]} 35. Qxb5 {[%emt 0:00:39]} Nf4 {[%emt 0:00:11]} 36. Qc4 {[%emt 0:05:57]} Nxh3+ {[%emt 0:01:11]} 37. gxh3 {[%emt 0:00:42]} Qxb2 {[%emt 0:00:05]} 38. Qd5 {[%emt 0:01:37]} Qa1 {[%emt 0:00:47]} 39. Kg2 {[%emt 0:00:47]} Qf6 {[%emt 0:00:20]} 40. Bc4 {[%emt 0:00:28]} Qf4 {[%emt 0:00:14]} 41. Bb3 {[%emt 0:00:57]} Qf6 {[%emt 0:00:51]} 42. h4 {[%emt 0:03:54]} h5 {[%emt 0:04:17]} 43. Qe4 {[%emt 0:01:18]} Qc3 {[%emt 0:02:23]} 44. Bd1 {[%emt 0:00:53]} Qa1 {[%emt 0:01:06]} 45. Be2 {[%emt 0:00:33]} Qc3 {[%emt 0:00:58]} 46. Bf3 {[%emt 0:00:45]} Qf6 {[%emt 0:00:44]} 47. Kg3 {[%emt 0:01:02]} Qc3 {[%emt 0:00:22]} 48. Qf4 {[%emt 0:00:29]} Qc5 {[%emt 0:01:24]} 49. Kg2 {[%emt 0:00:23]} Qe7 {[%emt 0:03:02]} 50. Qg5 {[%emt 0:01:30]} Qc7 {[%emt 0:01:27]} 51. Bxh5 {[%emt 0:02:27]} Qc6+ {[%emt 0:07:06]} 52. Bf3 {[%emt 0:00:53]} Qc4 {[%emt 0:00:03]} 53. h5 {[%emt 0:01:28]} Kh7 {[%emt 0:00:04]} 54. Bd5 {[%emt 0:02:22]} Qc7 {[%emt 0:00:01]} 55. Qf6 {[%emt 0:00:56]} Kg8 {[%emt 0:00:07]} 56. Qxg6+ {[%emt 0:00:12]} Kh8 {[%emt 0:00:10]} 57. Qf6+ {[%emt 0:00:11]} Kg8 {[%emt 0:00:22]} 58. Qxf7+ {[%emt 0:00:10]} Kh8 {[%emt 0:00:06]} 59. Qg8# {[%emt 0:00:09]} 1-0

[Event "6th Uppsala Young Champions 2019"]
[Site "Uppsala"]
[Date "2019.10.28"]
[Round "6.14"]
[White "Carlsson, Ludvig"]
[Black "Ostensson, Julia"]
[Result "1-0"]
[WhiteElo "2066"]
[BlackElo "1483"]
[Annotator "NA RC"]
[PlyCount "53"]
[EventDate "2019.10.25"]
[EventType "swiss"]
[EventCountry "SWE"]
[SourceTitle "playchess.com"]
[Source "ChessBase"]
[SourceQuality "1"]
[TimeControl "5400+30"]

1. b4 {[%emt 1:30:30]} e5 {[%emt 1:30:30]} 2. Bb2 {[%emt 0:00:30]} Bxb4 {[%emt 0:00:30]} 3. Bxe5 {[%emt 0:00:30]} Nf6 {[%emt 0:00:30]} 4. c4 {[%emt 0:00:30]} O-O {[%emt 0:00:30]} 5. Nf3 {[%emt 0:00:30]} d6 {[%emt 0:00:30]} 6. Bb2 {[%emt 0:00:30]} Nc6 {[%emt 0:00:30]} 7. Qc2 {[%emt 0:00:30]} h6 {[%emt 0:00:30]} 8. h4 {[%emt 0:00:30]} Nh7 {[%emt 0:00:30]} 9. Nc3 {[%emt 0:00:30]} Bxc3 {[%emt 0:00:30]} 10. Qxc3 {[%emt 0:00:30]} Qf6 {[%emt 0:00:30]} 11. Qb3 {[%emt 0:00:30]} Qe7 {[%emt 0:00:30]} 12. e3 {[%emt 0:00:30]} b6 {[%emt 0:00:30]} 13. Bd3 {[%emt 0:00:30]} Nf6 {[%emt 0:00:30]} 14. Qc3 {[%emt 0:00:30]} Re8 {[%emt 0:00:30]} 15. O-O-O {[%emt 0:00:30]} Ne5 {[%emt 0:00:30]} 16. Nxe5 {[%emt 0:00:30]} dxe5 {[%emt 0:00:30]} 17. f3 {[%emt 0:00:30]} Bb7 {[%emt 0:00:30]} 18. Rh3 {[%emt 0:00:30]} a5 {[%emt 0:00:30]} 19. a3 {[%emt 0:00:30]} c6 {[%emt 0:00:30]} 20. g4 {[%emt 0:00:30]} Qd7 {[%emt 0:00:30]} 21. Bf5 {[%emt 0:00:30]} Qd6 {[%emt 0:00:30]} 22. f4 {[%emt 0:00:30]} Nd7 {[%emt 0:00:30]} 23. d4 {[%emt 0:00:30]} exf4 {[%emt 0:00:30]} 24. d5 {[%emt 0:00:30]} Qf6 {[%emt 0:00:30]} 25. Bxd7 {[%emt 0:00:30]} Qxc3+ {[%emt 0:00:30]} 26. Bxc3 {[%emt 0:00:30]} Re7 {[%emt 0:00:30]} 27. dxc6 {[%emt 0:00:30]} 1-0

[Event "6th Uppsala Young Champions 2019"]
[Site "Uppsala"]
[Date "2019.10.28"]
[Round "6.15"]
[White "Mitra, Akash"]
[Black "Ostlund, Joar"]
[Result "1-0"]
[WhiteElo "1936"]
[BlackElo "1955"]
[Annotator "NA RC"]
[PlyCount "59"]
[EventDate "2019.10.25"]
[EventType "swiss"]
[EventCountry "SWE"]
[SourceTitle "playchess.com"]
[Source "ChessBase"]
[SourceQuality "1"]
[TimeControl "5400+30"]

1. e4 {[%emt 1:30:30]} e5 {[%emt 1:30:30]} 2. Nf3 {[%emt 0:00:30]} Nc6 {[%emt 0:00:30]} 3. Nc3 {[%emt 0:00:30]} Nf6 {[%emt 0:00:30]} 4. Be2 {[%emt 0:00:30]} d6 {[%emt 0:00:30]} 5. d4 {[%emt 0:00:30]} Bg4 {[%emt 0:00:30]} 6. d5 {[%emt 0:00:30]} Bxf3 {[%emt 0:00:30]} 7. Bxf3 {[%emt 0:00:30]} Nd4 {[%emt 0:00:30]} 8. Be3 Nxf3+ {[%emt 0:00:30]} 9. Qxf3 {[%emt 0:01:00]} g6 {[%emt 0:00:30]} 10. O-O-O {[%emt 0:00:30]} Bg7 {[%emt 0:00:30]} 11. Kb1 {[%emt 0:00:30]} Qd7 {[%emt 0:00:30]} 12. h3 {[%emt 0:00:30]} O-O {[%emt 0:00:30]} 13. Rd3 {[%emt 0:00:30]} b5 {[%emt 0:00:30]} 14. Bg5 {[%emt 0:00:30]} Ne8 {[%emt 0:00:30]} 15. g4 {[%emt 0:00:30]} b4 {[%emt 0:00:30]} 16. Ne2 {[%emt 0:00:30]} a5 {[%emt 0:00:30]} 17. h4 {[%emt 0:00:30]} c5 {[%emt 0:00:30]} 18. dxc6 {[%emt 0:00:30]} Qxc6 {[%emt 0:00:30]} 19. Be7 {[%emt 0:00:30]} a4 {[%emt 0:00:30]} 20. Bxf8 {[%emt 0:00:30]} Bxf8 {[%emt 0:00:30]} 21. c3 {[%emt 0:00:30]} bxc3 {[%emt 0:00:30]} 22. Nxc3 {[%emt 0:00:30]} Nc7 {[%emt 0:00:30]} 23. h5 {[%emt 0:00:30]} Ne6 {[%emt 0:00:30]} 24. Nd5 {[%emt 0:00:30]} Nd4 {[%emt 0:00:30]} 25. Rxd4 {[%emt 0:00:30]} exd4 {[%emt 0:00:30]} 26. hxg6 {[%emt 0:00:30]} fxg6 {[%emt 0:00:30]} 27. Nf6+ {[%emt 0:00:30]} Kf7 {[%emt 0:00:30]} 28. Rxh7+ {[%emt 0:00:30]} Bg7 {[%emt 0:00:30]} 29. Nd5+ {[%emt 0:00:30]} Ke8 {[%emt 0:00:30]} 30. Rxg7 {[%emt 0:00:30]} 1-0